Cerita anak kembar Nis & Nas

Bibliographic Details
Main Author: Siti Khadijah
Format: Book
Published: KL : Synergy Media , [s.n]
Series:Novel sekolah rendah
Subjects:

MARC

LEADER 00000cam a2200000 7i4500
001 0000040101
005 20151222.0
008 140310
020 |a 9674441029 
090 0 0 |a JF   |b MAL 
100 0 |a Siti Khadijah 
245 1 0 |a Cerita anak kembar Nis & Nas   |c Siti Khadijah 
260 |a KL :   |b Synergy Media ,   |c [s.n] 
440 |a Novel sekolah rendah 
500 |a Children ages 7-9 years old (orange) 
650 0 |a Junior fiction, Malay 
999 |a 0001278167   |b Book   |c Children Collection   |e Cawangan Segamat 
999 |a 0001278168   |b Book   |c Children Collection   |e Cawangan AEON Kulaijaya 
999 |a 0001278169   |b Book   |c Children Collection   |e Cawangan Urban Transformation Centre 
999 |a 0001278174   |b Book   |c Children Collection   |e Cawangan Taman Sri Lambak 
999 |a 0001278175   |b Book   |c Children Collection   |e Cawangan Mersing 
999 |a 0001278176   |b Book   |c Children Collection   |e Cawangan Bukit Gambir 
999 |a 0001278181   |b Book   |c Children Collection   |e Cawangan Tmn. Ungku Tun Aminah 
999 |a 0001279265   |b Book   |c Children Collection   |e Perbadanan Perpustakaan Awam Johor 
999 |a 0001279266   |b Book   |c Children Collection   |e Perbadanan Perpustakaan Awam Johor